Surveying the opportunities in Europe (Record no. 89689)

MARC details
000 -LEADER
fixed length control field 01083cam a2200301 4500
001 - CONTROL NUMBER
control field ##M1464
008 - FIXED-LENGTH DATA ELEMENTS--GENERAL INFORMATION
fixed length control field 090401t1993 xxu||||| |||| 00| 0 eng d
035 ## - SYSTEM CONTROL NUMBER
System control number (Sirsi) u32202
041 0# - LANGUAGE CODE
Language code of text/sound track or separate title eng
050 04 - LIBRARY OF CONGRESS CALL NUMBER
Classification number 333.0094 $2 18
090 ## - LOCALLY ASSIGNED LC-TYPE CALL NUMBER (OCLC); LOCAL CALL NUMBER (RLIN)
Classification number (OCLC) (R) ; Classification number, CALL (RLIN) (NR) RICS 1993/97AB
110 2# - MAIN ENTRY--CORPORATE NAME
Corporate name or jurisdiction name as entry element Royal Institution of Chartered Surveyors
Subordinate unit Junior Organisation
9 (RLIN) 1458
245 ## - TITLE STATEMENT
Title Surveying the opportunities in Europe
Remainder of title the JO Weekend Conference 17-18 April 1993 at the Royal Agricultural College, Cirencester.
260 ## - PUBLICATION, DISTRIBUTION, ETC.
Place of publication, distribution, etc. London
Name of publisher, distributor, etc. RICS
Date of publication, distribution, etc. 1993
300 ## - PHYSICAL DESCRIPTION
Extent 7
Type of unit items
Dimensions 30cm.
350 ## - PRICE (NR) (BK AM CF MU VM SE) [OBSOLETE]
Price 0
505 2# - FORMATTED CONTENTS NOTE
Formatted contents note CAP, GATT, agriculture and the environment -- Surveying in Hungary -- Working in Germany -- Opportunities in Portugal
520 ## - SUMMARY, ETC.
Summary, etc. Consists mainly of synopses but includes fuller text of the papers listed above.
650 24 - SUBJECT ADDED ENTRY--TOPICAL TERM
Topical term or geographic name entry element COMMON AGRICULTURAL POLICY
651 #4 - SUBJECT ADDED ENTRY--GEOGRAPHIC NAME
Geographic name EUROPE
690 ## - LOCAL SUBJECT ADDED ENTRY--TOPICAL TERM (OCLC, RLIN)
Topical term or geographic name as entry element CAREERS, EDUCATION AND TRAINING-CAREERS IN SURVEYING
700 1# - ADDED ENTRY--PERSONAL NAME
Personal name Alliston, J.
700 1# - ADDED ENTRY--PERSONAL NAME
Personal name Bennett, C.
700 1# - ADDED ENTRY--PERSONAL NAME
Personal name Baldwin, R. H.
700 1# - ADDED ENTRY--PERSONAL NAME
Personal name Chaffe, J.
942 ## - ADDED ENTRY ELEMENTS (KOHA)
Suppress in OPAC 0
948 ## - LOCAL PROCESSING INFORMATION (OCLC); SERIES PART DESIGNATOR (RLIN)
c (OCLC) 04/03/1997
Holdings
Withdrawn status Lost status Source of classification or shelving scheme Damaged status Not for loan Home library Current library Shelving location Date acquired Total Checkouts Full call number Barcode Date last seen Copy number Price effective from Koha item type
    Dewey Decimal Classification     London London RICS Boxes 18/01/1994   RICS 1993/97 30040532 06/08/2019 1 06/08/2019 Archive
    Dewey Decimal Classification     London London RICS Boxes 18/01/1994   RICS 1993/97 30040533 06/08/2019 2 06/08/2019 Reference material